000 00521nam a2200169 i 4500
001 22179
003 ES-MaACL
005 20230906152638.0
007 t|
008 030129n19001999sp ||||1| spa d
100 1 _aBekiarelli.
_927103
245 1 0 _aAventuras de un mercader en el Sudán /
_c: relación del griego Bèkiarelli.
260 _aMadrid :
_b[s.n.,
_c19--]
300 _a27 p. :
_bil. ;
_c26 cm.
500 _aPublicación de "Por esos mundos"
852 _aES-MaACL
_jC-2769
_q. - Encuadernado con otras obras
999 _c22179
_d22179